| 000 | 01106cam a2200313 a 4500 | ||
|---|---|---|---|
| 001 | 12657921 | ||
| 003 | OSt | ||
| 005 | 20230620164106.0 | ||
| 008 | 990715s1999 enkab 000 0 eng | ||
| 010 | _a 2002327367 | ||
| 020 | _a0850925371 | ||
| 035 | _a(OCoLC)ocm49500992 | ||
| 040 |
_aOI@ _cOI@ _dDLC |
||
| 042 | _alccopycat | ||
| 043 | _af-nr--- | ||
| 082 | 0 | 0 |
_a324.98 _bCOM |
| 110 | 2 | _aCommonwealth Observer Group. | |
| 245 | 1 | 4 |
_aThe National Assembly and presidential elections in Guyana, 15 December 1997: _bthe report of the Commonwealth Observer Group. |
| 260 |
_aLondon : _bCommonwealth Secretariat, _c1998. |
||
| 300 |
_ax, 93 p : _bill., map ; _c30 cm. |
||
| 610 | 1 | 0 |
_aNigeria. _bNational Assembly _xElections, 1999. |
| 650 | 0 |
_aPresidents _zNigeria _xElection _y1999. |
|
| 651 | 0 |
_aNigeria _xPolitics and government _y1993-2007. |
|
| 710 | 2 | _aCommonwealth Secretariat. | |
| 906 |
_a7 _bcbc _ccopycat _d3 _encip _f20 _gy-gencatlg |
||
| 942 |
_2ddc _cBK |
||
| 999 |
_c1938 _d1938 |
||